| 000 | 00571nam a22002057a 4500 | ||
|---|---|---|---|
| 005 | 20240229123805.0 | ||
| 010 | _aENG-139495 | ||
| 020 |
_a9788181981158 _c300.00 |
||
| 035 | _aEN-123027 | ||
| 037 | _bDBAD/PUB | ||
| 082 | _a305.5688 | ||
| 100 |
_aShyamlal _962597 |
||
| 245 |
_aUntold Story Of a Bhangi Vice-Chancellor/ _hEnglish |
||
| 260 |
_aJaipur _bUniversity Book House Pvt. Ltd. |
||
| 270 |
_a79, Chaura Rasta , _bJaipur _e302003 |
||
| 300 |
_a372Pages; _c23cm(hb) |
||
| 700 | _961835 | ||
| 760 | _b1 | ||
| 942 |
_cEN _h305.5688 _2ddc _mSHY |
||
| 999 |
_c201136 _d201136 |
||